México viejo (Record no. 2581)

MARC details
000 -CABECERA
campo de control de longitud fija 00636nam a2200193 a 4500
001 - NÚMERO DE CONTROL
campo de control BRCA_2842
005 - FECHA Y HORA DE LA ÚLTIMA TRANSACCIÓN
campo de control 20190320204008.0
008 - DATOS DE LONGITUD FIJA--INFORMACIÓN GENERAL
campo de control de longitud fija 091208s1959----mexa---###---#000-0#spa-#
050 #4 - SIGNATURA TOPOGRÁFICA DE LA BIBLIOTECA DEL CONGRESO
Número de clasificación F1386.2
Número de documento/Ítem .G66 1959
100 1# - ENTRADA PRINCIPAL--NOMBRE DE PERSONA
Nombre de persona González Obregon, Luis
Fechas asociadas al nombre 1865-1938
9 (RLIN) 7954
245 10 - MENCIÓN DE TÍTULO
Título México viejo
Resto del título época colonial : noticias históricas, tradiciones, leyendas y costumbres
Mención de responsabilidad, etc. Luis González Obregon.
260 ## - PUBLICACIÓN, DISTRIBUCIÓN, ETC.
Lugar de publicación, distribución, etc. México
Nombre del editor, distribuidor, etc. Patria
Fecha de publicación, distribución, etc. 1959
300 ## - DESCRIPCIÓN FÍSICA
Extensión xv, 742 p.
Otras características físicas il.
Dimensiones 24 cm.
500 ## - NOTA GENERAL
Nota general AA28
651 #4 - PUNTO DE ACCESO ADICIONAL DE MATERIA--NOMBRE GEOGRÁFICO
Nombre geográfico México (Ciudad)
Subdivisión general Historia
9 (RLIN) 5378
651 #4 - PUNTO DE ACCESO ADICIONAL DE MATERIA--NOMBRE GEOGRÁFICO
Nombre geográfico México (Ciudad)
Subdivisión general Vida social y costumbres
9 (RLIN) 7955
902 ## - CATALOGADOR
Iniciales GFM
942 ## - ELEMENTOS DE PUNTO DE ACCESO ADICIONAL (KOHA)
Fuente del sistema de clasificación o colocación Library of Congress Classification
Tipo de ítem Koha Libros
Holdings
Estado de retiro Estado de pérdida Estado dañado No para préstamo Localización permanente Ubicación/localización actual Fecha de adquisición Número de inventario Total de préstamos Signatura topográfica completa Código de barras Fecha visto por última vez Precio válido a partir de Tipo de ítem Koha
El ejemplar forma parte de la colección y puede ser consultado según las políticas vigentes.       Biblioteca del Museo Franz Mayer (Rogerio Casas-Alatriste) Biblioteca del Museo Franz Mayer (Rogerio Casas-Alatriste) 09/12/2008 AA28   F1386.2 .G66 1959 (AA28) 2839 22/03/2019 22/03/2019 Libros